Introduction to community and public health / (Record no. 23338)
[ view plain ]
| 000 -LEADER | |
|---|---|
| fixed length control field | 02007cam a22003015a 4500 |
| 001 - CONTROL NUMBER | |
| control field | 17963595 |
| 005 - DATE AND TIME OF LATEST TRANSACTION | |
| control field | 20161127105121.0 |
| 008 - FIXED-LENGTH DATA ELEMENTS--GENERAL INFORMATION | |
| fixed length control field | 131203t2014 caua frb 001 0 eng d |
| 020 ## - INTERNATIONAL STANDARD BOOK NUMBER | |
| International Standard Book Number | 9781118410554 |
| 040 ## - CATALOGING SOURCE | |
| Original cataloging agency | DNLM/DLC |
| Transcribing agency | DLC |
| Language of cataloging | eng |
| Modifying agency | EG-ScBUE |
| 082 04 - DEWEY DECIMAL CLASSIFICATION NUMBER | |
| Classification number | 362.12 |
| Edition number | 22 |
| Item number | SHA |
| 100 1# - MAIN ENTRY--PERSONAL NAME | |
| Personal name | Sharma, Manoj. |
| 245 10 - TITLE STATEMENT | |
| Title | Introduction to community and public health / |
| Statement of responsibility, etc | by Manoj Sharma, Paul Branscum, and Ashutosh Atri. |
| 260 ## - PUBLICATION, DISTRIBUTION, ETC. (IMPRINT) | |
| Place of publication, distribution, etc | San Francisco : |
| Name of publisher, distributor, etc | Jossey-Bass, A Wiley Brand, |
| Date of publication, distribution, etc | c.2014. |
| 300 ## - PHYSICAL DESCRIPTION | |
| Extent | xxvi, 545 p. : |
| Other physical details | ill. ; |
| Dimensions | 24 cm. |
| 504 ## - BIBLIOGRAPHY, ETC. NOTE | |
| Bibliography, etc | Includes bibliographical references and index. |
| 505 0# - FORMATTED CONTENTS NOTE | |
| Formatted contents note | Introduction to community and public health -- Descriptive epidemiology in community and public health -- Analytical epidemiology in community and public health -- Descriptive biostatistics in community and public health -- Inferential biostatistics in community and public health -- Social and behavioral sciences in community and public health -- Models in health education and health promotion -- Theories in health education and health promotion -- Methods in health education and health promotion -- Population dynamics and control -- Air, water, and noise pollution -- Injury control and other environmental issues -- Organization, financing and delivery of health services, and public health systems in the US -- Program planning, budgeting, management, and evaluation in community initiatives -- Systems thinking and leadership in community and public health. |
| 650 12 - SUBJECT ADDED ENTRY--TOPICAL TERM | |
| Topical term or geographic name as entry element | Community Health Planning. |
| Source of heading or term | BUEsh |
| 650 #7 - SUBJECT ADDED ENTRY--TOPICAL TERM | |
| Topical term or geographic name as entry element | Public Health. |
| Source of heading or term | BUEsh |
| 650 #7 - SUBJECT ADDED ENTRY--TOPICAL TERM | |
| Topical term or geographic name as entry element | Biostatistics. |
| Source of heading or term | BUEsh |
| 650 #7 - SUBJECT ADDED ENTRY--TOPICAL TERM | |
| Topical term or geographic name as entry element | Health education. |
| Source of heading or term | BUEsh |
| 9 (RLIN) | 12967 |
| 651 ## - SUBJECT ADDED ENTRY--GEOGRAPHIC NAME | |
| Source of heading or term | BUEsh |
| 653 ## - INDEX TERM--UNCONTROLLED | |
| Resource For college | Nursing |
| Arrived date list | November2016 |
| 700 1# - ADDED ENTRY--PERSONAL NAME | |
| Personal name | Branscum, Paul. |
| 700 1# - ADDED ENTRY--PERSONAL NAME | |
| Personal name | Atri, Ashutosh. |
| 776 08 - ADDITIONAL PHYSICAL FORM ENTRY | |
| Display text | Online version: |
| Main entry heading | Sharma, Manoj, author. |
| Title | Introduction to community and public health |
| Edition | First edition. |
| Place, publisher, and date of publication | San Francisco, CA : Jossey-Bass & Pfeiffer Imprints, Wiley, [2014] |
| International Standard Book Number | 9781118448373 |
| Record control number | (DLC) 2013048799 |
| 942 ## - ADDED ENTRY ELEMENTS (KOHA) | |
| Source of classification or shelving scheme | Dewey Decimal Classification |
| Withdrawn status | Item status | Source of classification or shelving scheme | Damaged status | Not for loan | Vendor | Home library | Current library | Shelving location | Date acquired | Source of acquisition | Cost, normal purchase price | Serial Enumeration / chronology | Total Checkouts | Total Renewals | Full call number | Barcode | Date last seen | Date last borrowed | Cost, replacement price | Koha item type |
|---|---|---|---|---|---|---|---|---|---|---|---|---|---|---|---|---|---|---|---|---|
| Dewey Decimal Classification | Baccah | Central Library | Central Library | First floor | 27/11/2016 | Purchase | 815.00 | 25145 | 2 | 11 | 362.12 SHA | 000040060 | 15/07/2025 | 02/12/2024 | 1018.75 | Book - Borrowing |